Dante´s Peak (Registro nro. 242542)

Detalles MARC
000 -ENCABEZADO
Número de control [NR] 01970 a2200313 4500
005 - FECHA Y HORA DE LA ÚLTIMA TRANSACCIÓN
control field 20211216154339.0
008 - DE LONGITUD FIJA DE DATOS DE ELEMENTOS - INFORMACIÓN GENERAL
Elementos de longitud fija [NR] 140513s1997 uy g q mlmul d
040 ## - FUENTE DE CATALOGACION [NR]
Agencia de catalogación original [NR] CO-BoUCM
Idioma de catalogación [NR] spa
Quien Cataloga Deissy Garcia (modificó)
Quien Clasifica Aldemar Mondragón
041 ## - CODIGO DE IDIOMA [R]
Código de idioma para texto/pista de sonido o título separado [R] Inglés
041 ## - CODIGO DE IDIOMA [R]
Código de idioma para texto/pista de sonido o título separado [R] Español
092 ## - SIGNATURA TOPOGRAFICA LOCAL
Número de clasificación local DVD 1405
245 00 - MENCION DE TITULO [NR]
Título [NR] Dante´s Peak
Parte restante del título [NR] La furia de la montaña
Mención de responsabilidad, etc. [NR] Roger Donaldson, director
Medio físico [NR] [DVD]
246 13 - FORMA VARIANTE DEL TITULO [R]
Título propiamente dicho/forma breve del título [NR] El pico de Dante
246 13 - FORMA VARIANTE DEL TITULO [R]
Título propiamente dicho/forma breve del título [NR] Un pueblo llamado Dantes Peak
260 ## - PUBLICACION, DISTRIBUCION, ETC. (PIE DE IMPRENTA) [R]
Lugar de publicación, distribución, etc. [R] Montevideo (Uruguay)
Nombre del editor, distribuidor, etc. [R] Universal Pictures
Fecha de publicación, distribución, etc. [R] 1997
300 ## - DESCRIPCION FISICA [R]
Extensión [R] 1 DVD, 108 minutos
Otros detalles físicos [NR] imagen, sonido, color
500 ## - NOTA GENERAL [R]
Nota general [NR] SINOPSIS: Sin previo aviso, el día se convierte en noche. El aire se transforma en fuego, y la sólida superficie da paso a un pánico incandescente donde todo se derrite. El vulcanólogo Harry Dalton y la alcalde Rachel Wando del Pico de Dante tratan de convencer al consejo de la ciudad y el resto de los vulcanólogos que el volcán justo por encima del pico de Dante es ciertamente peligroso
508 ## - NOTA DE CREDITOS DE CREACION/PRODUCCION [R]
Nota de créditos de creación/producción [NR] CRÉDITOS: Dirigida por Roger Donaldson ; escrita por Leslie Bohem ; producida por Ilona Herzberg ; música por John Frizzell ; fotografía por Andrzej Bartkowiak ; diseño de producción por Dennis Washington ; dirección de arte por Francis J. Pezza y Thomas T. Taylor ; ambientación por Marvin March ; vestuario por Isis Mussenden ; maquillaje por David Abbott
511 0# - NOTA DE PARTICIPANTE O INTERPRETE [R]
Nota de participante o intérprete [NR] REPARTO: Pierce Brosnan, Linda Hamilton, Jamie Renée Smith, Jeremy Foley, Elizabeth Hoffman, Charles Hallahan, Grant Heslov, Kirk Trutner, Arabella Field, Tzi Ma
546 ## - NOTA DE IDIOMA [R]
Nota de idioma [NR] Audio en inglés y español. Subtítulos en inglés y español
650 #7 - ASIENTO SECUNDARIO DE MATERIA - TERMINO TEMATICO [R]
9 (RLIN) 26363
Término temático o nombre geográfico como elemento de entrada [NR] Volcanes
Subdivisión de forma [R] DVD
650 #7 - ASIENTO SECUNDARIO DE MATERIA - TERMINO TEMATICO [R]
9 (RLIN) 12998
Término temático o nombre geográfico como elemento de entrada [NR] Desastres naturales
Subdivisión de forma [R] DVD
650 #7 - ASIENTO SECUNDARIO DE MATERIA - TERMINO TEMATICO [R]
9 (RLIN) 51342
Término temático o nombre geográfico como elemento de entrada [NR] Películas de acción
Subdivisión de forma [R] DVD
690 ## - ASUNTO AGREGADO LOCAL DE ENTRADA - TÉRMINO TEMÁTICO (OCLC, RLIN)
Acceso temático local Entretenimiento
9 (RLIN) 26487
700 1# - ASIENTO SECUNDARIO - NOMBRE PERSONAL [R]
Nombre personal [NR] Donaldson, Roger
Término de relación [R] director
9 (RLIN) 60982
710 2# - ASIENTO SECUNDARIO - NOMBRE CORPORATIVO [R]
Nombre corporativo o de jurisdicción como elemento de entrada [NR] Universal Pictures
9 (RLIN) 50661
710 2# - ASIENTO SECUNDARIO - NOMBRE CORPORATIVO [R]
Nombre corporativo o de jurisdicción como elemento de entrada [NR] Pacific Western
9 (RLIN) 60983
942 ## - ELEMENTOS DE ENTRADA AGREGADOS (KOHA)
Source of classification or shelving scheme LOCAL
Tema principal Entretenimiento
Koha item type Multimedia
Edition 1
Existencias
Suprimido Perdido Sistema de clasificación Dañado No prestable Tipo de ítem específico Ubicación habitual Ubicación actual Localización Fecha de creación Proveedor Forma de adquisición Costo Signatura topográfica Código de barras Última vez visto Ejemplar Costo de reposición Price effective from Tipo de ítem
    LOCAL     DVD Claustro Claustro Colección digital 18/02/2014 12 Donación 26000.00 DVD 1405 100142233 10/12/2024 Ej.2 26000.00 18/02/2014 Multimedia
    LOCAL   Préstamo restringido DVD Procesos Técnicos (no para préstamo) Procesos Técnicos (no para préstamo) Procesos Técnicos 18/02/2014 12 Donación 26000.00 DVD 1405 100141365 09/12/2025 Ej.1 26000.00 18/02/2014 Multimedia